Central Library OPAC University of Rajshahi

বিংশ শতাব্দীর বিজ্ঞান / (Record no. 47431)

MARC details
000 -LEADER
fixed length control field 00917nam a2200241 a 4500
001 - CONTROL NUMBER
control field 47431
003 - CONTROL NUMBER IDENTIFIER
rucl marc code BD-RjUL
005 - DATE AND TIME OF LATEST TRANSACTION
control field 20211209054319.0
008 - FIXED-LENGTH DATA ELEMENTS--GENERAL INFORMATION
fixed length control field 160808s1984 bg a|||| |||| 00| 0 ben d
020 ## - INTERNATIONAL STANDARD BOOK NUMBER
Terms of availability : Tk. 15.00
035 ## - SYSTEM CONTROL NUMBER
System control number (BD-RjUL)47550
040 ## - CATALOGING SOURCE
Original cataloging agency BD-RjUL
Language of cataloging eng
Transcribing agency BD-RjUL
041 ## - LANGUAGE CODE
Language code of text/sound track or separate title eng
082 ## - DEWEY DECIMAL CLASSIFICATION NUMBER
Classification number 509.04
Author mark and year RAB 1984
100 ## - MAIN ENTRY--PERSONAL NAME
Personal name রশীদ, এ. এম. হারুন অর
9 (RLIN) 144247
245 10 - TITLE STATEMENT
Title বিংশ শতাব্দীর বিজ্ঞান /
Statement of responsibility, etc. এ. এম. হারুন অর রশীদ
260 ## - PUBLICATION, DISTRIBUTION, ETC. (IMPRINT)
Place of publication, distribution, etc. ঢাকা :
Name of publisher, distributor, etc. বাংলা একাডেমী,
Date of publication, distribution, etc. ১৯৮৪
300 ## - PHYSICAL DESCRIPTION
Pagination [৮], ৭১ পৃ. :
Illustrations চিত্র ;
Size ১৮ সেমি.
490 ## - SERIES STATEMENT
Series statement বা/এ ;
Volume/sequential designation ১৪২০
650 ## - SUBJECT ADDED ENTRY--TOPICAL TERM
Topical term or geographic name as entry element বিজ্ঞান
General subdivision ইতিহাস
Chronological subdivision বিংশ শতাব্দী
9 (RLIN) 144248
Topical term or geographic name as entry element Science
General subdivision History
Chronological subdivision 20th century
9 (RLIN) 144249
942 ## - ADDED ENTRY ELEMENTS (KOHA)
Source of classification or shelving scheme Dewey Decimal Classification
Koha item type Books
Holdings
Lost status Source of classification or shelving scheme Damaged status Not for loan Collection code Permanent Location Current Location Shelving location Date acquired Source of acquisition Cost, normal purchase price Total Checkouts Full call number Date last seen Copy number Koha item type
  Dewey Decimal Classification     Non-fiction Central Library, University of Rajshahi Central Library, University of Rajshahi   09/01/1985 Bangla Academy, Dhaka 15.00   B 509.04 RAB 1984 08/08/2016 C-2 Books
  Dewey Decimal Classification   Not For Loan Non-fiction Central Library, University of Rajshahi Central Library, University of Rajshahi Reading Room 09/01/1985 Bangla Academy, Dhaka 15.00   B 509.04 RAB 1984 24/04/2017 C-1 Books